Aníbal de Cartago : (Record no. 88829)

MARC details
000 -LEADER
campo de control de longitud fija 00765nam a2200241 i 4500
001 - NÚMERO DE CONTROL
campo de control 88829
003 - IDENTIFICADOR DE NÚMERO DE CONTROL
campo de control ES-MaACL
005 - FECHA Y HORA DE LA ÚLTIMA TRANSACCIÓN
campo de control 20231019203337.0
007 - CAMPO FIJO DE DESCRIPCIÓN FÍSICA--INFORMACIÓN GENERAL
campo de control de longitud fija t|
008 - DATOS DE LONGITUD FIJA--INFORMACIÓN GENERAL
campo de control de longitud fija 041209s2000 sp ||||1| spa d
020 ## - NÚMERO INTERNACIONAL ESTÁNDAR DEL LIBRO
Número Internacional Estándar del Libro 84-206-3560-X
080 ## - NÚMERO DE LA CLASIFICACIÓN DECIMAL UNIVERSAL
Número de la Clasificación Decimal Universal 929 Aníbal
100 1# - ENTRADA PRINCIPAL--NOMBRE DE PERSONA
Nombre de persona Barceló, Pedro.
9 (RLIN) 25513
245 10 - MENCIÓN DEL TÍTULO
Título Aníbal de Cartago :
Resto del título un proyecto alternativo a la formación del Imperio romano /
Mención de responsabilidad, etc. Pedro Barceló.
250 ## - MENCION DE EDICION
Mención de edición 1ª ed., 1ª reimp.
260 ## - PUBLICACIÓN, DISTRIBUCIÓN, ETC.
Lugar de publicación, distribución, etc. Madrid :
Nombre del editor, distribuidor, etc. Alianza Editorial,
Fecha de publicación, distribución, etc. 2000.
300 ## - DESCRIPCIÓN FÍSICA
Extensión 242 p. ;
Dimensiones 18 cm.
490 1# - MENCIÓN DE SERIE
Mención de serie El libro de bolsillo. Historia ;
Designación de volumen o secuencia 4187
600 07 - PUNTO DE ACCESO ADICIONAL DE MATERIA--NOMBRE DE PERSONA
Nombre de persona Aníbal,
Fechas asociadas al nombre 247-182 a.C.
Fuente del encabezamiento o término
9 (RLIN) 165256
830 1# - PUNTO DE ACCESO ADICIONAL DE SERIE-TÍTULO UNIFORME
Título uniforme El libro de bolsillo. Historia ;
Designación de volumen o secuencia 4187
9 (RLIN) 179835
852 ## - LOCALIZACIÓN
Ubicación ES-MaACL
Número de control de estantería E-10656
Holdings
Estatus retirado Estado de pérdida Estado de daño No para préstamo Biblioteca de origen Biblioteca actual Ubicación en estantería Fecha de adquisición Fuente de adquisición Total de préstamos Signatura topográfica completa Código de barras Visto por última vez Precio de reemplazo Tipo de ítem Koha
        Biblioteca del Ateneo de Madrid Biblioteca del Ateneo de Madrid Depósito 2 17/01/2008     E-10656 1092780 23/02/2023 23/02/2023 Libro impreso